| 000 | 00925cam a2200313 i 4500 | ||
|---|---|---|---|
| 001 | 200446886 | ||
| 999 |
_c200446886 _d65098 |
||
| 003 | TR-AnTOB | ||
| 005 | 20240809102209.0 | ||
| 007 | ta | ||
| 008 | 151203s2007 tu a $r01 $$$$ ttu u | ||
| 020 | _a9789756355336 | ||
| 040 |
_aTR-AnTOB _beng _erda _cTR-AnTOB |
||
| 041 | 0 | _atur | |
| 044 | _ctu | ||
| 050 | 1 | 4 |
_aDR576 _b.D633 2007 |
| 090 |
_aDR576 _b.D633 2007 |
||
| 100 | 1 |
_aDodanlı, Burhan _eauthor _9135285 |
|
| 245 | 1 | 0 |
_aDemokrasiyi nasıl astık? / _cBurhan Dodanlı. |
| 250 | _a1. baskı Ekim 2007 | ||
| 264 | 1 |
_aAnkara : _bGrafiker Yayıncılık, _c2007. |
|
| 300 |
_a245 pages : _bphotographs ; _c21 cm |
||
| 336 |
_atext _btxt _2rdacontent |
||
| 337 |
_aunmediated _bn _2rdamedia |
||
| 338 |
_avolume _bnc _2rdacarrier |
||
| 650 | 0 |
_aDemokrasi _zTürkiye _xTarih _955253 |
|
| 651 | 0 |
_aTürkiye _xSiyaset ve yönetim _y20. yüzyıl _9108970 |
|
| 942 |
_2lcc _cBK |
||